000
00307nam a2200133Ia 4500
003
OSt
005
20231202054335.0
008
170524s9999 xx 000 0 und d
020
_a
9788126520220
040
_c
IIMT UNIVERSITY
100
_a
Suehring- S. -Pankaj
245
0
_a
PHP 6 AND MY SQL
942
_2
ddc
_c
02
999
_c
8829
_d
8829